LEADER 01354oam 2200373Ia 450 001 9910698900203321 005 20090814124613.0 035 $a(CKB)5470000002396859 035 $a(OCoLC)319714996 035 $a(EXLCZ)995470000002396859 100 $a20090430d2007 ua 0 101 0 $aeng 135 $auran||||||||| 181 $ctxt$2rdacontent 182 $cc$2rdamedia 183 $acr$2rdacarrier 200 00$aGuidance for industry$b[electronic resource] $eproviding regulatory submissions to the Center for Biologics Evaluation and Research (CBER) in electronic format, lot release protocols 210 1$aRockville, MD :$cU.S. Dept. of Health and Human Services, Food and Drug Administration, Center for Biologics Evaluation and Research,$d[2007] 215 $ai, 6 pages $cdigital, PDF file 300 $aTitle from PDF title page (viewed on Apr. 30, 2009). 300 $aNo longer available via Internet. 300 $a"November 2007". 517 $aGuidance for industry 606 $aBiologicals$xTesting 608 $aElectronic records.$2lcgft 615 0$aBiologicals$xTesting. 712 02$aCenter for Biologics Evaluation and Research (U.S.) 801 0$bGPO 801 1$bGPO 801 2$bGPO 906 $aBOOK 912 $a9910698900203321 996 $aGuidance for industry$93434577 997 $aUNINA LEADER 00984nam2 22002773i 450 001 BAS0237507 005 20231121125408.0 010 $a9783110212587 100 $a20100203d2009 ||||0itac50 ba 101 | $alat 102 $ade 181 1$6z01$ai $bxxxe 182 1$6z01$an 200 0 $a10.2.17: Pulso-Pyxodes 210 $aBerlin$aNew York$cW. De Gruyter$dİ2009 215 $a2609-2804 colonne$d34 cm. 461 1$1001MIL0063472$12001 $aThesaurus linguae Latinae 801 3$aIT$bIT-01$c20100203 850 $aIT-RM0418 $aIT-FR0017 899 $aBIBLIOTECA ACCADEMIA NAZ. DEI LINCEI E CORSINIANA$bRM0418 899 $aBiblioteca umanistica Giorgio Aprea$bFR0017 $eN 912 $aBAS0237507 950 2$aBiblioteca umanistica Giorgio Aprea$d 52S.L. 473 Th.lat.10.2.17$e 52SBA0000213825 VMN RS $fC $h20170110$i20170110 977 $a 10$a 52 996 $a10.2.17: Pulso-Pyxodes$93603053 997 $aUNICAS